000 00534nam a2200181 a 4500
005 20140412111336.0
008 040525s19uu xx 00 eng d
020 _a0-15-315514-0
050 _aTR(GS 510.7
_bA26 2002
100 _aAndrews, Angela Giglio
245 _aHarcourt math /
_cAngela Giglio Andrews & et al.
250 _aCalifornia Edition
260 _aOrlando :
_bHarcourt School Publishers,
_c2002.
300 _a585 p.; H100 p.
440 _aHarcourt
650 _aMathematics
_xStudy and teaching
999 _c105044
_d105044